000 01711nam a2200325Ia 4500
001 E2932
003 IT-RoPAU
008 130308s9999 xx 000 0 und d
040 _aIT-RoPAU
040 _cIT-RoPAU
041 _aITALIANO
100 _aAltaner Berthold
100 _gCodice Aut. SPICS: 48286
240 _aPATROLOGIE
240 _gCodice Tit. Orig. Spics: T3044
245 _aPatrologia
245 _bPatrologia
250 _a7a ed.
260 _aCASALE MONFERRATO
260 _bMarietti
260 _c1992 [1° Ed.:1968 - Ed.Ling.Originale:1931]
300 _a"658 p. (prefazione: 18; testo: 640)"
500 _a"Introduzione: Significato e importanza della Patrologia, Storia della Patrologia, Bibliografia Sistematica di Studi Recenti. parte I: Letteratura Cristiana Dalla Fine del I Secolo al Principio del Iv: padri Apostolici, Apologisti greci del Ii Secolo, scritti per la Vita delle Comunità del Ii e Iiisecolo, scritti Gnostici e Letteratura Antieretica del Ii Secolo, Apocrificristiani, Letteratura Cristiana Orientali e Occidentali del III Secolo, storici Cronisti Agiografi, Testi Sinodali e Liturgici dell'Antichità Cristiana. parte Ii: Periodo Aureo della Letteratura Patristica dal Concilio di Nicea 325 al Concilio di Calcedonia 451: Scrittori Orientali: Alessandrini ed Egiziani, Scrittori dell'Asia Minore, Scrittori Antiocheni e Siri, Letteratura Siriaca e Armena; Grandi padri e Scrittori dell'Occidente. parte Iii: Fine della Letteratura Patristica: Scrittori Latini e Scrittori Greci. Aggiunta Bibliografica."
650 _aPASTORALE E CULTURE
650 _eCodice materia Spics: 9302
942 _cBK
957 _71
999 _c76029
_d76029
999 _bSI
999 _g1